21st century astronomy (Record no. 9756)

MARC details
000 -LEADER
fixed length control field 00457 a2200169 4500
000 - LEADER
fixed length control field BKB
001 - CONTROL NUMBER
control field 136553
005 - DATE AND TIME OF LATEST TRANSACTION
control field 20200902153047.0
008 - FIXED-LENGTH DATA ELEMENTS--GENERAL INFORMATION
fixed length control field
082 ## - DEWEY DECIMAL CLASSIFICATION NUMBER
Classification number 520
Item number H46T
100 1# - MAIN ENTRY--PERSONAL NAME
Personal name Hester, Jeff
245 1# - TITLE STATEMENT
Title 21st century astronomy
Statement of responsibility, etc by Jeff Hester...[et.al.]
260 ## - PUBLICATION, DISTRIBUTION, ETC. (IMPRINT)
Place of publication, distribution, etc New York
Name of publisher, distributor, etc W.W. Norton & company
Date of publication, distribution, etc 2002
300 ## - PHYSICAL DESCRIPTION
Extent 540p.
690 ## - LOCAL SUBJECT ADDED ENTRY--TOPICAL TERM (OCLC, RLIN)
Topical term or geographic name as entry element Astronomy; Galaxies
700 ## - ADDED ENTRY--PERSONAL NAME
Personal name Burstein, Davids
Numeration
Titles and other words associated with a name
Holdings
Withdrawn status Lost status Damaged status Not for loan Home library Current library Date acquired Cost, normal purchase price Total Checkouts Full call number Barcode Date last seen Date checked out Price effective from Koha item type
        Central University Of Rajasthan Central University Of Rajasthan 16/01/2013 0.00 27 520 H46T 11748 10/02/2026 03/02/2026 02/09/2020 Books